Трансформаторы: Методические указания к выполнению лабораторных работ

Opis bibliograficzny
Korporacja: Томский политехнический университет
Kolejni autorzy: Игнатович В. М. Виктор Михайлович (составитель)
Język:rosyjski
Wydane: Томск, Изд-во ТПУ, 2003
Hasła przedmiotowe:
Format: Książka
KOHA link:https://koha.lib.tpu.ru/cgi-bin/koha/opac-detail.pl?biblionumber=66874

MARC

LEADER 00000nam0a2200000 4500
001 66874
005 20231031073006.0
035 |a (RuTPU)RU\TPU\book\71192 
090 |a 66874 
100 |a 20040908d2003 m y0rusy50 ca 
101 0 |a rus 
102 |a RU 
105 |a a j 001zy 
200 1 |a Трансформаторы  |e Методические указания к выполнению лабораторных работ  |f Томский политехнический университет; сост. В. М. Игнатович 
210 |a Томск  |c Изд-во ТПУ  |d 2003 
215 |a 43 с.  |c ил. 
320 |a Библиогр.: с. 41-42 
610 1 |a трансформаторы 
610 1 |a устройство 
610 1 |a лабораторные работы 
610 1 |a практические пособия 
610 1 |a учебные пособия 
675 |a 621.314.21(076.5)  |v 3 
702 1 |a Игнатович  |b В. М.  |g Виктор Михайлович  |4 220 
712 0 2 |a Томский политехнический университет  |2 stltpush  |3 (RuTPU)RU\TPU\col\376 
801 1 |a RU  |b 63413507  |c 20040908  |g PSBO 
801 2 |a RU  |b 63413507  |c 20161101  |g PSBO 
942 |c BK